000 00777nmm a2200265 a 4500
003 AR-BaBNM
005 20251128211836.0
008 306120s2003 ||||||||||||||000 | spa||
020 _a987-9355-17-2
040 _cAR-BaBNM
111 2 _aJornadas Provinciales sobre Inversión Cultural
_n
_d2002
_cBuenos Aires, Argentina
245 1 0 _aPolítica e inversión cultural
250 _a1ª ed.
260 _aBuenos Aires
_bCiccus
_bInstituto Cultural de la Provincia de Buenos Aires
_c2003
300 0 _a285 p.
650 4 _aDESARROLLO CULTURAL
650 4 _aINCENTIVOS
650 4 _aCAMBIO CULTURAL
650 4 _aPOLITICA CULTURAL
650 4 _aPOLITICA DE DESARROLLO
650 4 _aPOLITICA GUBERNAMENTAL
651 4 _aArgentina
942 _cBK
998 _cNancy
999 _c21346
_d21346